| 000 | 00824nam a2200205 i 4500 | ||
|---|---|---|---|
| 001 | 48124 | ||
| 003 | ES-MaACL | ||
| 005 | 20230906161710.0 | ||
| 007 | t| | ||
| 008 | 950705s1881 xxk ||||1| eng d | ||
| 040 |
_aCAM _bspa _cCAM |
||
| 100 | 1 |
_aChamberlain, Joseph. _937854 |
|
| 245 | 1 | 4 |
_aThe french treaty and reciprocity _b: a speech delivered in the House of Commons... / _cby Joseph Chamberlain. |
| 260 |
_aLondon; Paris ; New York : _bpublished for the Cobden Club by Cassell, Petter Galpin & Co., _c1881. |
||
| 300 |
_a38 p. ; _c20 cm. |
||
| 651 | 4 |
_aGran Bretaña- _xComercio exterior- _zFrancia- _vTratados, convenios, etc. _9166844 |
|
| 651 | 4 |
_aFrancia- _xComercio exterior- _zGran Bretaña- _vTratados, convenios, etc. _9166845 |
|
| 710 | 2 |
_aCobden Club (London, England) _92870 |
|
| 852 |
_aES-MaACL _jT-1301-F-8 |
||
| 999 |
_c48124 _d48124 |
||